ՀՀ Գիտությունների ազգային ակադեմիայի հիմնարար գիտական գրադարան  =   Fundamental Scientific Library of NAS RA

Գիտական աշխատությունների ժողովածու / (Record no. 479937)

MARC details
000 -LEADER
fixed length control field 00930nam a2200217 a 4500
001 - CONTROL NUMBER
control field 000601267
003 - CONTROL NUMBER IDENTIFIER
control field AM-YeHGA
005 - DATE AND TIME OF LATEST TRANSACTION
control field 20250618075630.0
008 - FIXED-LENGTH DATA ELEMENTS--GENERAL INFORMATION
fixed length control field 080925s1944 ai | |||||||||||||rus|d
040 ## - CATALOGING SOURCE
Original cataloging agency AM-YeHGA
041 0# - LANGUAGE CODE
Language code of text/sound track or separate title rus
090 ## - LOCALLY ASSIGNED LC-TYPE CALL NUMBER (OCLC); LOCAL CALL NUMBER (RLIN)
-- 483284
110 2# - MAIN ENTRY--CORPORATE NAME
Corporate name or jurisdiction name as entry element Академия наук Армянской ССР
245 10 - TITLE STATEMENT
Title Գիտական աշխատությունների ժողովածու /
Statement of responsibility, etc. Ред. кол. М.Г. Туманян и др.; АН АССР Ин-т земледел.
246 11 - VARYING FORM OF TITLE
Title proper/short title Сборник трудов
260 ## - PUBLICATION, DISTRIBUTION, ETC.
Place of publication, distribution, etc. Ереван :
Name of publisher, distributor, etc. Армгиз,
Date of publication, distribution, etc. 1944.
300 ## - PHYSICAL DESCRIPTION
Extent 120 с. :
Other physical details табл., рис., ил., 1 вкл. л. табл. ;
Dimensions 20 см.
650 14 - SUBJECT ADDED ENTRY--TOPICAL TERM
Topical term or geographic name entry element Сельское хозяйство
Geographic subdivision Армянская ССР
700 1# - ADDED ENTRY--PERSONAL NAME
Personal name Թումանյան, Միքայել Գալուստի,
Dates associated with a name 1886-1950
Relator term ред.
Relationship edt
9 (RLIN) 1109
710 2# - ADDED ENTRY--CORPORATE NAME
Corporate name or jurisdiction name as entry element Институт земледелия АН АрмССР
Holdings
Withdrawn status Lost status Source of classification or shelving scheme Damaged status Not for loan Collection Home library Current library Date acquired Total checkouts Full call number Barcode Date last seen Price effective from Koha item type Public note
    Universal Decimal Classification     General Fundamental Scientific Library Fundamental Scientific Library 03/12/2018   РД II/26035 FL0532516 03/12/2018 03/12/2018 Գրքեր / Books 30 Days Loan


ՀՀ ԳԱԱ հիմնարար գիտական գրադարան
ՀՀ,Երևան 0019
Մարշալ Բաղրամյան 24/6
հեռախոս:(374-10) 52-47-50
Հետադարձ կապ

All site content, except where otherwise noted, is licensed under a
Creative Commons License